| 000 | 00918nas a2200301 4500 | ||
|---|---|---|---|
| 001 | BR2011004556 | ||
| 003 | BR-BrBNA | ||
| 005 | 20231205115531.0 | ||
| 007 | ta | ||
| 008 | 230509b bl.|||p| |||| 00| 00por d | ||
| 040 |
_aBR-BrBNA _bpor _cBiblioteca Nacional de Agricultura |
||
| 041 | _a(Pt) | ||
| 072 | _aE70; D50; Q04 | ||
| 100 | 1 | _aTancredi, R.C.P. | |
| 100 | 1 | _aSilva, D.M.G. da | |
| 100 | 1 | _aNascimento, T.S. | |
| 100 | 1 | _aFeres, R.S.R. | |
| 100 | 1 | _aMarin, V.A. | |
| 245 | 1 | _aRotulagem de pizzas de mussarela: Avaliação das informações obrigatórias e nutricionais | |
| 650 | _aROTULAGEM | ||
| 650 | _aLEGISLAÇÃO | ||
| 650 | _aPIZZA | ||
| 650 | _aPRODUTO DE PANIFICAÇÃO | ||
| 650 | _aCONSUMIDOR | ||
| 773 | 0 |
_tHigiene Alimentar (Brazil) _xISSN 0101-9171 _g(Jan-Feb 2011), v. 25(192/193) p. 210-213 _wBR2011004556 |
|
| 909 |
_a202311 _bLúcia _c55 _dLúcia Elande |
||
| 942 |
_2AGRIS _n0 _cANA |
||
| 999 |
_c214287 _d214287 |
||